Kypčaki i rus'

Elmentve itt :
Bibliográfiai részletek
Szerző: Popov A. I.
Dokumentumtípus: Cikk
Megjelent: 1949
Sorozat:Učenye Zapiski LGU, 112. ; Seriâ istoričeskih nauk, vyp. 14
Kulcsszavak:Kipcsakok története, Oroszok története
Tárgyszavak:
Online Access:http://misc.bibl.u-szeged.hu/64251
LEADER 00773nab a2200229 i 4500
001 misc64251
005 20230510120255.0
008 230306s1949 hu o 0|| rus d
040 |a SZTE Miscellanea Repozitórium  |b hun 
041 |a rus 
100 1 |a Popov A. I. 
245 1 0 |a Kypčaki i rus'  |h [elektronikus dokumentum] /  |c  Popov A. I. 
260 |c 1949 
300 |a 94-119  |c 24 cm 
300 |a [26] p.  |c 24 cm 
490 0 |a Učenye Zapiski LGU, 112. ; Seriâ istoričeskih nauk, vyp. 14 
561 |a Németh Gyula hagyaték 
591 |a NOA 4610 
650 4 |a Bölcsészettudományok 
650 4 |a Történettudomány és régészet 
695 |a Kipcsakok története, Oroszok története 
856 4 0 |u http://misc.bibl.u-szeged.hu/64251/1/4610_noa.pdf  |z Dokumentum-elérés